000 00407nam a2200145Ia 4500
008 230917s9999||||xx |||||||||||||| ||und||
040 _e169670
_aMAIN
041 _aEnglish
082 _a891.432741 MH474I
100 _aमेहता, हरि
245 0 _aइन्सान और भगवान
260 _aदिल्ली
_bप्रवीण
_c1983
300 _a104 पृ. p.
942 _cHN
999 _c44880
_d44880